[Event "Masters Open"]
[Site "Qatar"]
[Date "2015.12.20"]
[Round "1.1"]
[White "Carlsen, Magnus"]
[Black "Batsiashvili, Nino"]
[Result "1/2-1/2"]
[WhiteElo "2834"]
[BlackElo "2498"]
[EventDate "2015.??.??"]
[Annotator "Bojkov,Dejan"]
[PlyCount "114"]
[Beauty "5228069924360"]
[EventType "team-tourn"]
[EventCountry "QAT"]
[WhiteClock "0:16:35"]
[BlackClock "0:12:17"]

1.Nf3 d5 2.g3 Nf6 3.Bg2 c5 4.c4 d4 5.b4 {The world champion goes for a reversed Benko Gambit.} 5...cxb4 6.a3 b3 ( {Black can naturally accept the gambit with} 6...bxa3 7.Bxa3 Nc6 {For example} 8.d3 g6 9.Nbd2 Bg7 10.Ra2 $5 O-O 11.Qa1 {with compensation for the pawn in Vachier Lagrave,M (2742)-Wojtaszek, R (2698) Germany 2014} ) 7.Qxb3 Nc6 8.O-O e5 9.e3 {The advantage of the extra tempo- White can play more aggressively.} ( {In identical situation the Benko player with the black pieces would chose the more restrained} 9.d3 {approach.} ) 9...Be7 {Careful, solid play. Castle first, think later.} 10.exd4 exd4 11.Bb2 O-O 12.Re1 ( {A novelty, in comparison to} 12.d3 Rb8 13.Nbd2 h6 14.Qc2 Bc5 15.Nb3 {with some advantage for White in Sabia,C (2209) -Ficco,C (2150) Foligno 2010} ) 12...Re8 {Another way to play the position is} ( 12...Rb8 $5 13.d3 {Then Black can try to shift the kingside knight to a better spot with} ( {One of Black's ideas is revealed in the line} 13.Ne5 Be6 ) 13...Nd7 $5 {This seems tactically justified after} 14.Nxd4 Bf6 15.Nf3 Nc5 16.Bxf6 Nxb3 17.Bxd8 Rxd8 18.Ra2 Bf5 ) 13.a4 {With the obvious intention to bring the knight on a3. However, this allows a freeing operation.} ( 13.d3 {might be preferrable with unclear game.} ) 13...Na5 {Batsiashvili forces trades. The preliminary} ( 13...Be6 {looks good for Black too. For example} 14.Na3 ( 14.d3 Bb4 ) 14...h6 {When pawn grabbing} 15.Qxb7 $4 {is illegal due to} 15...Na5 16.Qa6 Bc8 17.Qb5 a6 18.Qe5 Bxa3 ) 14.Qd3 Be6 {Black's organized army makes great impression.} 15.Na3 Bxa3 {A bit hasty. Now Black equalizes, almost...Instead, she could have brought the rook out first:} ( 15...Rc8 $5 {when Black seems to level the game completely in all lines} 16.Qxd4 ( 16.Bxd4 b6 $5 {and only then capture on c4.} ( {But not} 16...Nxc4 $2 17.Rxe6 $1 ) ( {Although} 16...Bxa3 17.Rxa3 Rxc4 18.Bxa7 Qxd3 19.Rxd3 Rxa4 20.Ng5 Nc4 {could be good enough for the draw as well.} ) ) ( 16.Nxd4 Nxc4 17.Nxc4 Bxc4 ) 16...Bxa3 17.Bxa3 Nxc4 ) 16.Bxa3 Bxc4 17.Qxd4 Qxd4 18.Nxd4 Bd5 {The resulting endgame is somewhat for White. Carlsen owes the bishop pair and the more active pieces, while Batsiashvili is a proud owner of the better pawn structure.} 19.Rxe8+ {The world champion prefers to occupy the more distant file from the black king and restricts the Na5 in the process.} ( 19.Nf5 Bxg2 20.Kxg2 Nc4 {lets the horse out.} ( 20...Nd5 ) ) 19...Rxe8 20.Rc1 b6 ( {Black's difficulties are illustrated by the line:} 20...Bxg2 21.Kxg2 h6 ( 21...Rd8 $6 22.Be7 $1 ) ( 21...b6 22.Bb4 ) 22.Nf5 {where the black knight should remain on the rim as} 22...Nc6 23.Nd6 Rb8 24.Nxb7 {simply loses a pawn.} ) 21.Bf1 $1 {The best chance is to keep the bishop pair. The alternatives fail to impress:} ( 21.Rc7 Re1+ 22.Bf1 h5 ) ( 21.Bb4 Nb3 22.Nxb3 Bxb3 23.a5 h6 ( 23...Nd5 ) ) 21...Bb7 ( {Perhaps} 21...h6 {is a bit more accurate, with counterattack in case of} 22.Nf5 Nb3 23.Rc7 Re1 ) 22.Nf5 Rd8 23.d4 Nd5 24.Bg2 {One winning attempt is the rook trade after} ( 24.Nd6 Ba8 25.Rc8 $5 Rxc8 26.Nxc8 {Black should hold after} 26...Bc6 ( {Or} 26...a6 27.Bxa6 Bc6 28.Ne7+ ( 28.Bb5 Bxb5 29.axb5 Nb3 30.Bb2 Nd2 {the poor position of the white bishop can hardly offer any winning chances to White.} ) 28...Nxe7 29.Bxe7 Nb3 30.Bd8 Nxd4 31.Bxb6 Nf3+ 32.Kg2 Ne5+ 33.Kf1 Bxa4 ) 27.Bg2 {with the threat Bg2xd5.} 27...Bd7 28.Nxa7 Nc3 29.d5 Nxa4 {and although White can play further it should be a draw.} ) 24...g6 25.Nd6 Ba8 26.h4 {Once more Carlsen could have traded the rooks, in a better version in comparison to the line above:} ( 26.Rc8 $1 Rxc8 27.Nxc8 {White wins a pawn in all the lines} 27...Bb7 ( 27...Nc4 28.Bc1 Kg7 ( 28...a6 29.Bxd5 ) 29.Nxa7 ) ( 27...a6 $4 {loses on the spot due to} 28.Bxd5 Bxd5 29.Ne7+ ) 28.Nxa7 Nc3 29.Bb4 {looks better than} ( 29.Bxb7 Nxb7 ) 29...Nxa4 30.Bxa5 Bxg2 31.Kxg2 ( 31.Bxb6 Bf3 ) 31...bxa5 32.Nc6 f5 33.Nxa5 Kf7 34.Kf3 {If we use Botvinnik's formula for the knight endgames this should be a win for White. Indeed, most of the 4 versus 3 knight endgames are won for the stronger side even if the pawns are on the same flank.} ) 26...h5 27.Re1 {A cunning tactical idea by Carlsen. Alas, it does not work.} ( {This was the last chance for} 27.Rc8 ) 27...Bc6 $1 {Batsiashvili is not afraid! The e5 point cannot be covered} ( 27...f6 $2 28.Ne8 $1 {will leave Black helpless-} 28...Kf7 29.Bxd5+ Bxd5 30.Re7+ ) ( {But perhaps} 27...a6 28.Re5 Nf6 {was playable, say} 29.Bxa8 Rxa8 30.Re7 b5 31.axb5 axb5 32.Nxb5 Nc6 {with good chances to hold.} ) 28.Re5 {It seems as Black felt into the trap but} 28...Nf6 29.Rxa5 Bxg2 30.Rxa7 Bd5 {Revealed one of the good defensive methods when fighting the bishop pair- a pawn sacrifice for opposite colored bishops.} 31.Ra6 Nd7 ( {Black could have alos traded the rooks at once} 31...Ra8 32.Rxa8+ Bxa8 33.Nc4 Nd5 {which should be also holdable.} ) 32.Nb5 $6 {A blunder, which allows Black too much activity. Instead both} ( 32.Kf1 ) ( {Or} 32.Bc1 {would ahve kept the extra pawn. Would that be a win for White is another story.} ) 32...Re8 $1 {Showing no respect to the world champion and intending to mate him in two.} 33.Bb4 Re2 34.Ra7 Nf6 {The active blac pieces force White to play carefully to hold the balance.} 35.Kf1 Rb2 ( 35...Bf3 $5 {might have been more unpleasant for White.} ) 36.Bc3 Rc2 {The preliminary check} ( 36...Bc4+ {was also good-} 37.Ke1 Re2+ 38.Kd1 Rxf2 ) 37.Rc7 Ng4 38.Ke1 Rxf2 39.Rc8+ Kh7 40.Rd8 Bf3 {The time trouble is over and Carlsen plays the only move} 41.Re8 {Even world champions should not disrespect the famous Georgian chess school. The rude checkmate attempt} ( 41.d5 $4 {would be neatly punished after} 41...Re2+ 42.Kf1 Ne3+ 43.Kg1 Rg2+ 44.Kh1 Rxg3+ 45.Kh2 Nf1# ) 41...f6 {Everything is equal and the game is heading towards the logical end.} ( 41...Bd5 ) 42.Re7+ Kg8 43.Re8+ Kh7 44.Re7+ Kg8 45.Bd2 Rg2 46.Bf4 g5 {Trades as many pawns as possible.} ( 46...Kf8 47.Bd6 Kg8 ) 47.hxg5 fxg5 48.Bxg5 Rxg3 49.Nc3 Bc6 50.Kd2 Rg2+ 51.Re2 Nf2 {Nino Batsiashvili demonstares once more perfect calcualtion.} ( 51...Rxe2+ 52.Kxe2 Kf7 {would also do.} ) 52.d5 Bxd5 $1 {A nice finish of an excellent game.} 53.Nxd5 Ne4+ 54.Ke3 Rxe2+ 55.Kxe2 Nxg5 56.Nxb6 Ne6 57.a5 Nc7 {Great play by one of Georgia's best female players!} 1/2-1/2

[Event "Masters Open"]
[Site "Qatar"]
[Date "2015.12.21"]
[Round "2.2"]
[White "Grandelius, Nils"]
[Black "Giri, Anish"]
[Result "0-1"]
[WhiteElo "2632"]
[BlackElo "2784"]
[EventDate "2015.??.??"]
[Annotator "Bojkov,Dejan"]
[PlyCount "80"]
[Beauty "7633272606770"]
[EventType "team-tourn"]
[EventCountry "QAT"]

1.e4 c5 2.Nf3 d6 3.d4 cxd4 4.Nxd4 Nf6 5.Nc3 a6 {Giri generally prefers the Taimanov Sicilian, but every once in a while he opts for the Najdorf too.} 6.h3 e5 7.Nb3 Be6 8.f4 ( {Another plan is} 8.Be3 Be7 9.Qf3 O-O 10.g4 a5 11.O-O-O a4 12.Nc5 a3 {as in the recent masterpiece Khismatullin,D (2654) -Sjugirov,S (2646) Khanty-Mansiysk 2015} ) 8...Be7 {Giri revealed at the press-conference that he was not sure about his memories of the line and mentioned two recent games, important for the line:} ( 8...b5 9.f5 Bc8 10.Bg5 Bb7 11.Qf3 Nbd7 12.O-O-O Be7 13.Kb1 Rc8 {Grischuk,A (2785)-Wojtaszek,R (2701) Riga 2013} ) ( {And} 8...Nbd7 9.f5 Bxb3 10.axb3 d5 11.exd5 Bb4 12.Bd2 O-O 13.Qe2 Bxc3 14.bxc3 e4 {Sutovsky,E (2635)-Shirov,A (2712) Poikovsky 2015 Although White won both these games Black did reasonably well out of the opening.} ) 9.f5 Bd7 {A novelty. The bishop is heading for the c6 square.} ( {A Najdorf specialist chose instead} 9...Bc8 {trying to fianchetto the bishop asap and keeping the queenside knight's options open-} 10.Qf3 b5 11.a3 Bb7 12.g4 d5 $1 {and Black was already better in Sutovsky,E (2632)-Wojtaszek, R (2736) Bilbao 2014} ) 10.Be3 b5 {The fight for the d5 square is fierce. Black dismissed the immediate} ( 10...Bc6 11.Qf3 d5 {due to} 12.Nxd5 $1 ( {Giri also calculated the cunning line} 12.exd5 Bxd5 $1 13.Qg3 $6 Ne4 $1 14.Qxe5 Nc6 15.Qxd5 Bh4+ {and all of a sudden Black wins the queen} 16.Ke2 Nxc3+ ) 12...Bxd5 13.O-O-O Nxe4 14.Bc4 $1 {where Black's position falls apart.} ) 11.Qf3 ( {Perhaps Grandelius should have gone for} 11.a3 Bc6 12.Qf3 {which seems more stable.} ) 11...b4 12.Nd5 Nxd5 13.exd5 {Now that the d5 outpost disappeared Black should be fine.} 13...Bg5 {In order to trade the "poor bishop". This however leaves the queenside somewhat poorly placed.} ( 13...a5 14.Nd2 {would have been somewhat better for White.} ) ( {But} 13...O-O {looks quite good for him. I suspect that Giri did not want to show where is his king going yet. He often leaves it in the middle in the Taimanov and if you remember his game again Saric in Wijk this year you might find a lot of similarities to the one you are following right now.} ) 14.Bxg5 ( {White has nothing after} 14.Bf2 O-O 15.Bd3 Bb5 ) 14...Qxg5 15.Bd3 Bb5 16.h4 {Grandelius is a very strong attacking player and remains true to his style. Objectively though a better approach would have been the one suggested by the top commentator P.Svidler:} ( 16.Nd2 Nd7 17.Ne4 Qe7 18.O-O {followed by the opening of the queenside with a2-a3} 18...Nf6 19.a3 {Giri believed this should not be too bad for Black but the impression is that he is worse.} ) 16...Qd8 17.g4 Nd7 18.g5 $6 {"A mistake that gives the "h" file to Black." (Giri).} ( 18.O-O-O ) 18...h6 $1 {Or else White's initiative on the kingside might become annoying-} ( 18...Qb6 19.O-O-O a5 20.Nd2 Nc5 21.Bxb5+ Qxb5 22.h5 {and White is ready to open files (Giri).} ) 19.Rg1 {One more timid move. The Dutch GM believed that White should do better if sacrifices a pawn:} ( 19.f6 gxf6 20.g6 fxg6 21.Bxg6+ Ke7 22.O-O-O {intending Rh1-e1 and Nb3-d4-f5 with compensation for a pawn.} ) 19...hxg5 20.hxg5 Bxd3 21.Qxd3 Rh5 $1 {"A strong move that forces the white queen to be misplaced" (Giri). Things are not that simple though...} 22.Qg3 ( {Black is indeed doing great in the endgame after} 22.Qe3 Qb6 {as the white pawns are overstretched.} ) ( {Also in the line} 22.Qd2 a5 $1 {when the knight is deprived of the d2 square.} ) ( {However, there was a third possibility that Giri did not mention:} 22.f6 $1 {with the idea} 22...gxf6 ( {Safer is} 22...g6 23.O-O-O {but then the white queen would not have to leave.} ) 23.g6 $1 {This looks like an improved version of the pawn sacrifice from above.} ) ( {And even} 22.O-O-O $5 {was interesting with the idea to get the file back after} 22...Rxg5 23.Rh1 ) 22...Qc7 23.O-O-O Rc8 {Now Black has almost all his pieces wonderfully placed. Only the knight can do better and once that the "a" pawn starts moving White's position will become critical.} 24.Rd2 a5 25.Kb1 ( {Giri was a bit afraid of the line} 25.f6 g6 26.Qe1 a4 27.Nd4 {but it fail tactically due to} 27...Nb6 28.Nc6 Nxd5 {and Black nets a pawn.} ) 25...a4 26.Nc1 Qc4 $1 {Better than} ( 26...Nb6 27.Qg4 $1 {that forces the black rook back} 27...Nc4 28.Re2 Rh8 {(Giri)} ) 27.Qf3 ( {Here} 27.Qg4 Rh4 28.Qxc4 Rcxc4 {leads to perfect endgame for Black.} ) 27...Rh4 28.f6 g6 {Black controls all the files and does not need to open more.} 29.Rh1 Nc5 {This brings the last piece into the action.} ( {Svidler mentioned} 29...e4 {but it is not better due to} 30.Re1 Ne5 31.Qd1 ) ( 29...Nb6 $5 {deserved attention too.} ) ( {But the preliminary} 29...a3 $1 30.bxa3 Nc5 {with huge attack seems best.} ) 30.Rdh2 Ne4 {The critical moment of the game.} ( {The computer believes} 30...Rxh2 31.Rxh2 Kd8 {was best for Black, but I am not sure I understand a thing here.} ) 31.Qd1 ( {Both players missed that in the line} 31.Qe3 a3 {White does not have to go for} 32.Qa7 {which is indeed winning for Black after Giri's recommendation} ( {But can free himself of the mating threat with} 32.c3 $1 {which takes over the initiative for him. For example} 32...Rxh2 33.Rxh2 {is already losing for Black-} 33...bxc3 34.Rh8+ Kd7 35.Qh3+ ) 32...Kf8 ( 32...Rc7 33.Qa4+ Kd8 34.Rxh4 ( 34.Qa8+ Rc8 35.Qa5+ Ke8 36.Qa7 {returns to the main line where Black can still find the move} 36...Kf8 $1 ) 34...Nd2+ 35.Ka1 axb2+ 36.Kxb2 Qc3# ) ) 31...Rxh2 32.Rxh2 Kd7 $1 ( {Avoiding the cunning trap:} 32...Nxg5 33.Qg1 Nf3 34.Rh8+ Kd7 35.Qa7+ Rc7 36.Qxa4+ {and White wins.} ) 33.Qg1 Qxd5 34.Qa7+ Ke6 $1 {Too many Short followers...} 35.Qg1 {With the innocent threat of a check from g4.} ( {The barce black king will eat all the white kingside pawns after} 35.Qe7+ Kf5 36.Qd7+ Qe6 37.Qxa4 Kxg5 ( {Or} 37...Qc4 {first.} ) ) 35...Kd7 36.Qa7+ Ke6 ( {There was an alternative} 36...Rc7 37.Qxa4+ Ke6 38.Qe8+ Kf5 {with serious advantage for Black.} ) 37.Qg1 Qc4 $1 {Frees the d5 square for the king!} 38.Re2 $2 {This loses. For good or bad Grandelius should have gone for the complications} ( 38.Qg4+ Kd5 39.Qd7 Rc7 ( {Carlsen showed a sense of humor with his suggestion} 39...Kd4 {but it is doubtful he would have used it in his own game} 40.Ne2+ Ke3 41.Qh3+ ) 40.Qxa4 {and here instead of the suggested by Giri} 40...Nxg5 {that leads to a mess after} ( {Black has a safer try} 40...Ke6 $1 {with good winning chances.} ) 41.Rd2+ Ke6 42.Qe8+ Kf5 ( 42...Kxf6 43.Qd8+ Re7 44.Qxd6+ Qe6 ( 44...Re6 $2 45.Qd8+ Re7 46.Rf2+ ) 45.Qxb4 ) 43.Rf2+ Kg4 {Still messy, but objectively much better for Black.} ) 38...b3 $1 39.axb3 {Allows a nice finish of the game.} ( {We already know where is the king heading to after} 39.Qg4+ Kd5 $1 ) ( {Objectively best was} 39.cxb3 axb3 40.a3 Nc5 ) 39...axb3 40.cxb3 Qxe2 $1 {A pretty final strike. White resigned due to the mate:} ( 40...Qxe2 41.Nxe2 Nd2+ 42.Ka2 Ra8+ 43.Qa7 Rxa7# ) 0-1

[Event "Masters Open"]
[Site "Qatar"]
[Date "2015.12.23"]
[Round "4.14"]
[White "Wojtaszek, Radoslaw"]
[Black "Vocaturo, Daniele"]
[Result "1-0"]
[WhiteElo "2723"]
[BlackElo "2597"]
[EventDate "2015.??.??"]
[Annotator "Bojkov,Dejan"]
[PlyCount "75"]
[Beauty "7838050836490"]
[EventType "team-tourn"]
[EventCountry "QAT"]
[WhiteClock "0:09:06"]
[BlackClock "0:01:36"]

1.d4 e6 2.c4 Bb4+ {How to name this opening? Advanced Bogo-Indian? Or flexible Bogo-Indian? (One online site calls it the "Kangaroo Defense!" - M.K.)} 3.Bd2 Bxd2+ 4.Qxd2 Nf6 5.Nc3 d5 6.e3 {Wojtaszek wants to develop his knight on e2.} ( {Now} 6.Nf3 {will switch into proper Bogo-Indian and this move was a choice of Mamedyarov and Bacrot amongst others.} ) 6...O-O 7.cxd5 ( {The move} 7.Nf3 {is still possible, for example} 7...Qe7 8.Qc2 c6 9.Bd3 dxc4 10.Bxc4 Nbd7 11.O-O e5 12.Bb3 exd4 13.exd4 {and White was better in Riazantsev,A (2646)-Roiz,M (2600) Berlin 2015} ) 7...exd5 8.Bd3 Nc6 {This was played only once before but seems very, very logical. In the arising Carlsbad pawn structure Black would love to swap off the light-squared bishops. In the usual Carlsbad the black queenside knight is already on d7 and in order to achieve the desired trades the knight has to take the long route via f8-e6-g7 and on the top of this Black has to spend time on Rf8-e8 and g7-g6. Vocaturo is more clever, he creates the positional threat in just two moves.} 9.Nge2 Ne7 10.Qc2 {Stops Bc8-f5.} 10...g6 {A novelty. Black consistently plays for Bc8-f5.} ( {The only predecessor saw} 10...b6 11.b4 c6 12.Rb1 Bd7 13.O-O {with slight but long-lasting advantage for White, Vaisser, A (2555)-Bricard,E (2460) France 1993} ) 11.h3 {Aggressive play. White wants to prove that g7-g6 was not perfect and that the kingside is weak as well.} ( 11.O-O Bf5 {should be fine for Black.} ) 11...Bf5 12.g4 Bxd3 13.Qxd3 {"I thought this position is promising for me" Wojtaszek "but Black's next move is very strong."} 13...Nc8 $1 {The knight is heading for the optimal d6 square and then it will have the pleasant choice between the e4 and c4 beauties.} 14.O-O-O Nd6 15.f3 {If White had now the time to play Ne2-g3 followed by g4-g5 everything would be great, but...} 15...Re8 16.Nf4 {White found nothing better than this move, but it has a flaw.} ( {It transpires that} 16.Ng3 {is too slow due to} 16...b5 $1 17.e4 ( {Worse is} 17.Nxb5 Nc4 $1 ( {Or} 17...Nxb5 18.Qxb5 Rxe3 {in both cases with advantage for Black.} ) ) 17...dxe4 ( 17...b4 18.Nxd5 Nxd5 19.exd5 Qg5+ {is even stronger.} ) 18.fxe4 b4 {with Black's edge (Wojtaszek)} ) ( {Black is also doing great after} 16.g5 Nh5 17.Nxd5 Qxg5 {(Wojtaszek)} ) 16...c6 17.h4 Nc4 $1 18.e4 Qd6 $1 {A very nice maneuver, missed by the Polish GM.} 19.e5 Qb4 {With the double threat of checkmate in one and Nc4xe5! Wojtaszek thought for a moment that he is lost, but then managed to put himself together and found an excellent resource.} 20.Qe2 $1 ( {White also calculated the line} 20.Qc2 Ne3 21.Qd2 Nxd1 22.Kxd1 Nd7 23.h5 {but came to the conclusion that there is not enough compensation after} 23...c5 ( {Or first} 23...Nb6 ) ) 20...Nxe5 21.a3 {The black queen feels overburdened.} 21...Qc4 22.g5 $1 Nfd7 ( 22...Qxe2 23.Ncxe2 {drops a piece.} ) 23.Qc2 $1 {Suddenly, the black knight is in danger.} ( {Wojtaszek dismissed} 23.Qd2 {due to the pretty resource} 23...Nc5 $1 24.dxc5 Nxf3 ) ( {He also did not like} 23.Qh2 $5 {for the same reason-} 23...Nc5 {but here he missed a simple move for White in the line} ( {However, Black can play for compensation with} 23...b5 $5 24.Kb1 ( 24.dxe5 Nxe5 25.Kb1 a5 ) 24...a5 {and nothing is clear at all.} ) 24.dxe5 ( 24.dxc5 Nxf3 25.Qg3 Re3 {is indeed good for Black (Wojtaszek)} ) 24...d4 25.Qe2 $1 {and White wins a piece.} ) 23...Nxf3 ( {The familiar trick} 23...Nc5 {was still there when Black can save the knight but lose precious time. Wojtaszek planned} 24.Kb1 Ned7 {and now either} 25.Nfxd5 ( {But not} 25.Ncxd5 cxd5 $1 ) ( 25.h5 $1 {with strong attack is also great for White.} ) 25...cxd5 26.dxc5 {with advantage for White.} ) ( {Black can sacrifice the knight for three pawns in the line} 23...Nf8 24.b3 Qa6 25.dxe5 Qxa3+ 26.Qb2 Qxb2+ 27.Kxb2 Rxe5 {but it is clear that White has the better chances.} ) 24.Qf2 $1 {The queen dance is over, the knight is trapped.} 24...Nde5 25.Kb1 ( 25.dxe5 $2 Qxf4+ ) 25...Nxd4 $2 {A time-trouble blunder.} ( {White expected} 25...Rad8 {(to stop the knight sacrifice on d5)} 26.dxe5 Nxe5 ( 26...Qxf4 27.Rd3 {In both cases White has the upper hand but there is plenty of play ahead.} ) ) 26.Rxd4 Qc5 27.Ncxd5 {The correct idea, but in the wrong move order.} ( {Not} 27.h5 Nf3 $1 {(Wojtaszek)} ) ( {However, the preliminary} 27.Rc1 $1 {and only after} 27...Qf8 28.Ncxd5 $1 {was the correct move order.} 28...cxd5 29.Nxd5 ) 27...cxd5 28.Rc1 ( 28.Nxd5 Nf3 $1 {is again good for Black.} ) 28...Qf8 $2 {Now the attack is unstoppable.} ( {Correct was} 28...Qb5 $1 29.a4 ( 29.Nxd5 $2 Nd3 $1 ) 29...Qa6 30.Nxd5 Nd3 31.Nf6+ Kh8 {when nothing is clear. Most likely the players should split the point after something like} 32.Qf3 Nxc1 33.Nxe8 Rxe8 34.Qxf7 Qe2 35.Kxc1 Qe1+ 36.Kc2 Rc8+ 37.Rc4 Qe2+ 38.Kb3 Qd3+ 39.Rc3 Qd1+ 40.Ka2 Qxa4+ 41.Ra3 Qc4+ 42.Qxc4 Rxc4 43.Rxa7 Rxh4 44.Rxb7 Ra4+ 45.Kb3 Ra5 46.Rb8+ ) 29.Nxd5 {Once that the knight occupies f6 outpost, the "h" pawn will rush in and open the file for the heavy pieces.} 29...Rec8 30.Re1 Nc6 31.Rde4 ( 31.Nf6+ Kh8 32.Rd7 ) 31...Rd8 32.Nf6+ Kh8 33.h5 gxh5 34.Rh1 Rd6 35.Rxh5 Rxf6 36.gxf6 ( 36.Qxf6+ Qg7 37.Reh4 ) 36...Qd6 37.Rxh7+ $1 Kxh7 38.Qf5+ {Black resigned as it is mate in three.} ( 38.Qf5+ Kh8 39.Rh4+ Kg8 40.Qg4+ Kf8 41.Rh8# ) 1-0